Moraltheologische Kasuistik - ein umstrittenes Erbe
| Main Author: | |
|---|---|
| Format: | Print Article |
| Language: | German |
| Check availability: | HBZ Gateway |
| Interlibrary Loan: | Interlibrary Loan for the Fachinformationsdienste (Specialized Information Services in Germany) |
| Published: |
2011
|
| In: |
Theologie und Glaube
Year: 2011, Volume: 101, Issue: 2, Pages: 250-264 |
| Standardized Subjects / Keyword chains: | B
Casuistry
/ Moral theology
|
| IxTheo Classification: | KDB Roman Catholic Church NCA Ethics |
| Further subjects: | B
Theology
B Ethics B ethical argumentation B Ethics / Sittenlehre B Ethische Argumentation |
MARC
| LEADER | 00000caa a2200000 c 4500 | ||
|---|---|---|---|
| 001 | 1646877349 | ||
| 003 | DE-627 | ||
| 005 | 20241130172808.0 | ||
| 007 | tu | ||
| 008 | 160405s2011 gw ||||| 00| ||ger c | ||
| 035 | |a (DE-627)1646877349 | ||
| 035 | |a (DE-576)467554943 | ||
| 035 | |a (DE-599)BSZ467554943 | ||
| 040 | |a DE-627 |b ger |c DE-627 |e rakwb | ||
| 041 | |a ger | ||
| 044 | |c XA-DE | ||
| 084 | |a 1 |2 ssgn | ||
| 100 | 1 | |0 (DE-588)118986414 |0 (DE-627)079767567 |0 (DE-576)160706327 |4 aut |a Demmer, Klaus |d 1931-2014 | |
| 109 | |a Demmer, Klaus 1931-2014 |a Demmer, K. 1931-2014 | ||
| 245 | 1 | 0 | |a Moraltheologische Kasuistik - ein umstrittenes Erbe |c Klaus Demmer |
| 264 | 1 | |c 2011 | |
| 336 | |a Text |b txt |2 rdacontent | ||
| 337 | |a ohne Hilfsmittel zu benutzen |b n |2 rdamedia | ||
| 338 | |a Band |b nc |2 rdacarrier | ||
| 601 | |a Moraltheologie | ||
| 650 | 4 | |a Ethik/Sittenlehre | |
| 650 | 4 | |a Theologie | |
| 650 | 4 | |a Ethische Argumentation | |
| 650 | 4 | |a Ethics | |
| 650 | 4 | |a Theology | |
| 650 | 4 | |a ethical argumentation | |
| 652 | |a KDB:NCA | ||
| 689 | 0 | 0 | |d s |0 (DE-588)4250530-6 |0 (DE-627)104775351 |0 (DE-576)210505087 |2 gnd |a Kasuistik |
| 689 | 0 | 1 | |d s |0 (DE-588)4074972-1 |0 (DE-627)106087797 |0 (DE-576)209195916 |2 gnd |a Moraltheologie |
| 689 | 0 | |5 (DE-627) | |
| 773 | 0 | 8 | |i In |t Theologie und Glaube |d Münster : Aschendorff, 1909 |g 101(2011), 2, Seite 250-264 |w (DE-627)129480630 |w (DE-600)204335-X |w (DE-576)014863219 |x 0049-366X |7 nnas |
| 773 | 1 | 8 | |g volume:101 |g year:2011 |g number:2 |g pages:250-264 |
| 889 | |w (DE-627)675802210 | ||
| 935 | |a mteo | ||
| 935 | |i mdedup | ||
| 951 | |a AR | ||
| ELC | |b 1 | ||
| ITA | |a 1 |t 1 | ||
| LOK | |0 000 xxxxxcx a22 zn 4500 | ||
| LOK | |0 001 3320588834 | ||
| LOK | |0 003 DE-627 | ||
| LOK | |0 004 1646877349 | ||
| LOK | |0 005 20160405162017 | ||
| LOK | |0 008 160404||||||||||||||||ger||||||| | ||
| LOK | |0 040 |a DE-Tue135 |c DE-627 |d DE-Tue135 | ||
| LOK | |0 092 |o n | ||
| LOK | |0 852 |a DE-Tue135 | ||
| LOK | |0 852 1 |9 00 | ||
| LOK | |0 935 |a ixzs |a ixmi | ||
| LOK | |0 936ln |0 1442052465 |a NCA | ||
| LOK | |0 936ln |0 1442049839 |a KDB | ||
| LOK | |0 939 |a 04-04-16 |b l01 | ||
| ORI | |a SA-MARC-ixtheoa001.raw | ||
| STA | 0 | 0 | |a Casuistry,Moral theology,Catholic ethics,Ethics,Christian ethics,Theology,Theology |
| STB | 0 | 0 | |a Casuistique,Théologie morale,Théologie morale,Théologie,Théologie |
| STC | 0 | 0 | |a Casuística,Teología moral,Teología,Teología |
| STD | 0 | 0 | |a Casuistica,Casistica (teologia),Casistica,Teologia morale,Teologia,Teologia |
| STE | 0 | 0 | |a 决疑论,诡辩,神学家,道德神学,伦理神学 |
| STF | 0 | 0 | |a 決疑論,詭辯,神學家,道德神學,倫理神學 |
| STG | 0 | 0 | |a Casuística,Teologia moral,Teologia,Teologia |
| STH | 0 | 0 | |a Богословие (мотив),Богословие,Казуистика,Моральное богословие |
| STI | 0 | 0 | |a Ηθική θεολογία,Θεολογία (μοτίβο),Θεολογία,Περιπτωσιολογία |
| SYE | 0 | 0 | |a Christliche Theologie , The Ethics |
| SYG | 0 | 0 | |a Katholische Ethik,Katholische Moraltheologie,Katholische Sittenlehre,Katholisch-Theologische Ethik |